Котляров Николай Порфирьевич, доктор. Письма Врубелю Михаилу Александровичу

Доступно только в Электронных читальных залах Найти на картеНа карте
RUSMARC
00004767cbc2a2200000#x 450
0016f069aea-8381-4216-9229-99ee52367602
00520180122110439.0
2001#$aКотляров Николай Порфирьевич, доктор. Письма Врубелю Михаилу Александровичу
$j16 января 1902 года
300##$aРукописный текст. Чернила
300##$aМесто хранения оригинала: Федеральное государственное бюджетное учреждение культуры "Государственный Русский музей"
937##$hПБ
801#0$aRU
$bПБ им. Б.Н. Ельцина
$c20170519
801#1$aRU
$bПБ им. Б.Н. Ельцина
$c20171229
$2rusmarc
801#2$aRU
$bПБ им. Б.Н. Ельцина
$c20171229
$gRCR
$2rusmarc
856##$uhttp://readingroom.main.prlib.ru/item.aspx?id_node=n98272169
100##$a20171229l19021902k y0rusy ca
1010#$arus
1220#$ad19020116##
215##$a2 листа
251##$cДело
345##$aДокумент поступил в 1921 году
371##$aКопирование данного ресурса не разрешено
461#0$1001d57329fd-7d70-4590-93f1-c18c0b4ac52c
$12001
$aВрубель Михаил Александрович
$1251
$cФонд
$1852
$j34
462#0$1001e9eacb2d-743a-4b29-8b85-42faee78df45
$12000
$aОп. 1
$vЕд. хр. 27
$1251
$cОпись
$1852
$j1
850##$aГосударственный Русский музей. Отдел рукописей
852##$aОР ГРМ
$j27
600#1$2prlib_sh
$aКотляров
$bН. П.
$gНиколай Порфирьевич
$jПереписка
600#1$2nlr_sh
$3RU\NLR\AUTH\66271893
$aВрубель
$bМ.А.
$f1856 - 1910
$gМихаил Александрович
$jПереписка
605##$2acquisition_Prlib
$3DITM\AF\0000003834
$aНарод
$lколлекция
605##$aРоссия в лицах
$lколлекция
$2acquisition_Prlib
$3DITM\AF\0000004166
686##$2rubbk
$a85.103(2=411.2)53-8ю14
$vLBC/M
686##$a63.3(2)53-8ю14
$vLBC/M
$2rubbk
Формат отображения